45 giây tạo nên thay đổi : Thấu hiểu tiếp thị mạng lưới = The 45 second presentation that will change your life : an adaptation of material presented
Giới thiệu về ngành kinh doanh tiếp thị mạng lưới thông qua các minh hoạ, giúp người đọc hiểu được bản chất của tiếp thị mạng lưới và hướng dẫn cách trình bày hiệu quả về tiếp thị mạng lưới. Cách xây dựng một sự nghiệp thành công...
Đã lưu trong:
| Príomhúdar: | |
|---|---|
| Formáid: | Leabhar |
| Teanga: | Undetermined |
| Foilsithe: |
Thành phố Hồ Chí Minh
Trẻ
2016
|
| Ábhair: | |
| Clibeanna: |
Cuir Clib Leis
Gan Chlibeanna, Bí ar an gcéad duine leis an taifead seo a chlibeáil!
|
| Thư viện lưu trữ: | Trung tâm Học liệu Trường Đại học Cần Thơ |
|---|
| LEADER | 01202nam a2200217Ia 4500 | ||
|---|---|---|---|
| 001 | CTU_207788 | ||
| 008 | 210402s9999 xx 000 0 und d | ||
| 020 | |c 64000 | ||
| 082 | |a 658.85 | ||
| 082 | |b F161 | ||
| 100 | |a Failla, Don | ||
| 245 | 0 | |a 45 giây tạo nên thay đổi : | |
| 245 | 0 | |b Thấu hiểu tiếp thị mạng lưới = The 45 second presentation that will change your life : an adaptation of material presented | |
| 245 | 0 | |c Don Failla ; Nguyễn Hoàng Yến Phương dịch | |
| 260 | |a Thành phố Hồ Chí Minh | ||
| 260 | |b Trẻ | ||
| 260 | |c 2016 | ||
| 520 | |a Giới thiệu về ngành kinh doanh tiếp thị mạng lưới thông qua các minh hoạ, giúp người đọc hiểu được bản chất của tiếp thị mạng lưới và hướng dẫn cách trình bày hiệu quả về tiếp thị mạng lưới. Cách xây dựng một sự nghiệp thành công bằng mô hình kinh doanh tiếp thị mạng lưới | ||
| 650 | |a Multilevel marketing,Tiếp thị đa cấp | ||
| 904 | |i Hải | ||
| 980 | |a Trung tâm Học liệu Trường Đại học Cần Thơ | ||